<?xml version="1.0" encoding="UTF-8"?>
<record
    xmlns:xsi="http://www.w3.org/2001/XMLSchema-instance"
    xsi:schemaLocation="http://www.loc.gov/MARC21/slim http://www.loc.gov/standards/marcxml/schema/MARC21slim.xsd"
    xmlns="http://www.loc.gov/MARC21/slim">

  <leader>01289cam a22002535a 4500</leader>
  <controlfield tag="001">18127934</controlfield>
  <controlfield tag="005">20161025140924.0</controlfield>
  <controlfield tag="008">140425s2014    nyu    frb   f001 0 eng d</controlfield>
  <datafield tag="020" ind1=" " ind2=" ">
    <subfield code="a">9781107605961</subfield>
  </datafield>
  <datafield tag="040" ind1=" " ind2=" ">
    <subfield code="a">DLC</subfield>
    <subfield code="b">eng</subfield>
    <subfield code="c">DLC</subfield>
    <subfield code="d">DLC</subfield>
    <subfield code="d">EG-ScBUE</subfield>
  </datafield>
  <datafield tag="082" ind1="0" ind2="4">
    <subfield code="a">335</subfield>
    <subfield code="2">22</subfield>
    <subfield code="b">OTT</subfield>
  </datafield>
  <datafield tag="100" ind1="1" ind2=" ">
    <subfield code="a">Otteson, James R.</subfield>
  </datafield>
  <datafield tag="245" ind1="1" ind2="4">
    <subfield code="a">The End of Socialism /</subfield>
    <subfield code="c">James R. Otteson.</subfield>
  </datafield>
  <datafield tag="260" ind1=" " ind2=" ">
    <subfield code="a">New York :</subfield>
    <subfield code="b">Cambridge University Press,</subfield>
    <subfield code="c">2014.</subfield>
  </datafield>
  <datafield tag="300" ind1=" " ind2=" ">
    <subfield code="a">xiv, 224 p. ;</subfield>
    <subfield code="c">24 cm</subfield>
  </datafield>
  <datafield tag="500" ind1=" " ind2=" ">
    <subfield code="a">Index : p. 221-224.</subfield>
  </datafield>
  <datafield tag="504" ind1=" " ind2=" ">
    <subfield code="a">Bibliography : p. 209-219.</subfield>
  </datafield>
  <datafield tag="505" ind1="8" ind2=" ">
    <subfield code="a">Machine generated contents note: 1. What socialism and capitalism are; Part I. Socialism's Problems in Practice: 2. Knowledge and planning; 3. Knowledge: value, equality, and experts; 4. Knowledge and community; 5. The day-two problem; Part II. Socialism's Problems in Principle: 6. Economics and morality; 7. Respect and individuality; 8. Socialism's great mistake; 9. Prosperity; 10. Equality and freedom; 11. Fairness; Conclusion. Grapes sweet and sour.</subfield>
  </datafield>
  <datafield tag="520" ind1=" " ind2=" ">
    <subfield code="a">"The End of Socialism explores the exact nature of the practical difficulties socialism faces and examines how its moral ideals can guide policy"--</subfield>
  </datafield>
  <datafield tag="650" ind1=" " ind2="7">
    <subfield code="a">Socialism.</subfield>
    <subfield code="2">BUEsh</subfield>
    <subfield code="9">10837</subfield>
  </datafield>
  <datafield tag="651" ind1=" " ind2=" ">
    <subfield code="2">BUEsh</subfield>
  </datafield>
  <datafield tag="653" ind1=" " ind2=" ">
    <subfield code="b">BUSBOL</subfield>
    <subfield code="c">October2016</subfield>
  </datafield>
  <datafield tag="942" ind1=" " ind2=" ">
    <subfield code="2">ddc</subfield>
  </datafield>
  <datafield tag="999" ind1=" " ind2=" ">
    <subfield code="c">22858</subfield>
    <subfield code="d">22830</subfield>
  </datafield>
  <datafield tag="952" ind1=" " ind2=" ">
    <subfield code="0">0</subfield>
    <subfield code="1">0</subfield>
    <subfield code="2">ddc</subfield>
    <subfield code="4">0</subfield>
    <subfield code="7">0</subfield>
    <subfield code="8">Baccah</subfield>
    <subfield code="a">MAIN</subfield>
    <subfield code="b">MAIN</subfield>
    <subfield code="c">1ST</subfield>
    <subfield code="d">2016-10-25</subfield>
    <subfield code="e">Purchase</subfield>
    <subfield code="g">513.00</subfield>
    <subfield code="h">3634</subfield>
    <subfield code="l">0</subfield>
    <subfield code="o">335 OTT</subfield>
    <subfield code="p">000034557</subfield>
    <subfield code="r">2025-07-15 00:00:00</subfield>
    <subfield code="v">641.25</subfield>
    <subfield code="y">BB</subfield>
  </datafield>
</record>
